[Event "Monroe (RVO/2/3)"]
[Site "?"]
[Date "1986.??.??"]
[Round "?"]
[White "Van Meter, Lester"]
[Black "Finegold, Ron"]
[Result "0-1"]
[WhiteElo "2350"]
[BlackElo "2125"]
[Annotator "Tim McGrew"]
[PlyCount "92"]
[EventDate "1986.??.??"]

{Here is a very strange game that bears the unmistakeable stamp of Ron
Finegold's strategic imagination. Beginning with a decidedly odd opening, Ron
steers the game into French like channels. Before long Black is a pawn ahead,
then two pawns -- I'm sure White was still wondering how this all happened --
and Ron tightens the coils until his opponent collapses.} 1. d4 b5 $5 {The
insanity starts early in this game. Is this move even legal here? Yes, It is
known as the Polish Defense -- but you may live long before one of your
opponents ventures it. Michael Basman advocated this in the late 1970's and
Julian Hodgson messed around with it in the early 1980's, but it achieved its
greatest respectability (if you can call it that) when Boris Spassky adopted
it successfully in 1990.} 2. e4 Bb7 $5 {Still more insanity! Black offers to
swap a wing pawn for a center pawn. Is this good for White because he gains
time, or is it bad because center pawns are more valuable than wing pawns?} 3.
Qd3 {I take this as a sign that White is somewhat out of his depth. In the
Orangutan, 1.b4 d5 2.Bb2 Qd6!? is a respectable idea, so perhaps White is
borrowing plans. But as the game goes on we get the strong impression that
White's queen is out of place in the center. Is there nothing better?} (3. Bxb5
{looks like a principled continuation. Black can (and should) grab back the
pawn, though there is a truly demented alternative.} Bxe4 (3... f5 $6 {should
fail for direct tactical reasons, though it gets rather involved when one
tries to prove this exhaustively:} 4. exf5 Bxg2 5. Qh5+ g6 6. fxg6 Bg7 $1 {
Relatively best: Black will recapture the new White queen on g8 with his king.}
7. gxh7+ Kf8 8. hxg8=Q+ Kxg8 {Since White's queen is still under fire, Black
gets the rook on h1 after all. But where did all the Black king-side pawns go?}
9. Qg6 Bxh1 10. Bf4 Nc6 11. Ne2 Rb8 12. Nbc3 Rb6 13. Qg3 d6 14. Bc4+ Kf8 15.
O-O-O Na5 16. Rg1 {and Black gave up the madness in Pohl-Leisebein, corr 1990.}
) 4. Nf3 {White's development is good and he is going to gain another tempo
with Nc3 some time soon, so we must evaluate the position as better for White.
Yet this is probably what Finegold was hoping for. The position is
sufficiently unbalanced that White cannot play in a wholly risk-free manner.
It is not too hard to imagine White drifting just a little and finding himself
in a late middlegame where Black's center pawns really do matter more than
White's spent initiative.}) (3. Nd2 $1 {is probably the safest move. Now that
e4 is defended Black needs to attend to his own hanging pawn, and after} a6 {
White has two approaches that are rather convincing:} 4. Ngf3 (4. a4 b4 5. a5
e6 6. c3 c5 7. Ngf3 Nf6 8. Bd3 d5 9. e5 Nfd7 10. Bb1 Nc6 11. O-O Nxa5 12. Ng5
Be7 13. f4 Nc6 14. Nxe6 $3 {A tremendous sacrifice that requires further
sacrifices for its justification.} fxe6 15. Qh5+ Kf8 (15... g6 16. Bxg6+ $1
hxg6 17. Qxg6+ $1 Kf8 18. f5 $1 Qe8 19. fxe6+ Nf6 20. Qg5 Rh5 21. Qg4 $1 $18)
16. f5 Nf6 17. exf6 Bxf6 18. fxe6 Qe8 19. Qxd5 cxd4 20. Ne4 Qe7 21. Rxf6+ gxf6
22. Bh6+ Kg8 23. Qf5 Rf8 24. Qg4+ {and Black resigned just in the nick of time
in Fatalibekova-Dubinskaya,Yalta 1995.}) 4... e6 5. Bd3 c5 6. dxc5 Bxc5 7. O-O
Ne7 8. a4 bxa4 9. Rxa4 O-O 10. Nb3 Bb6 11. e5 {Once again, this space gainer
is the key to White's attack.} Ng6 12. Ng5 f6 13. Nxh7 $1 Nxe5 14. Nxf8 Qxf8
15. Rh4 f5 16. Qh5 Nbc6 17. Be3 Qd8 18. Nc5 Ng6 19. Rh3 Bxc5 20. Qxg6 Bf8 21.
Bg5 $1 Qa5 22. Be2 Be7 23. Bh5 Ne5 24. Qh7+ $3 {This is the sort of move that
makes us all want to play chess!} Kxh7 25. Bf7# {Tatai-Skembris, Budva Zonal
1981.}) 3... e6 4. Nd2 a6 5. a4 bxa4 6. Rxa4 d5 7. e5 c5 8. dxc5 Nd7 {The
position is already slipping out of White's control. Keep your eye on Black's
knights -- they are destined to be developed in strange ways!} 9. Qg3 Nxc5 10.
Rg4 Nh6 {It is becoming increasingly clear that this rook is a liability
rather than an asset. Yet how hard it is for the stereotyped thinker to take
all of this in! Can Black's knights really be dangerous on these odd squares?
The sobering answer is that they can be very dangerous there indeed.} 11. Rg5
g6 12. b4 Nd7 13. Bd3 {There goes a pawn. And what a pawn -- it was the only
thing restraining Black's a-pawn, which is now a latent threat whenever the
question of an endgame arises. If you had to lay bets on which Black pawn will
become a queen, isn't that the one you would choose? Keep this in mind so that
you will be properly confused later.} Bxb4 14. Ngf3 Nc5 {Ron goes his own way.}
(14... Be7 $1 {picks up even more material since the rook has no decent place
to hide.}) 15. Qh4 Nxd3+ 16. cxd3 Bf8 17. O-O Nf5 $1 {There's that odd
development of the knight again -- one square further forward than knights are
supposed to be. Come to think of it, that means one square closer to the
center. Perhaps there's a moral here...} 18. Qa4+ Qd7 {Black is naturally
delighted at the thought of exchanging queens.} 19. Qxd7+ $2 {White seems to
be determined that he can outplay his opponent if he can just get past the
present bad spell in the game. This is not a very healthy attitude to take
toward someone who has outplayed you convincingly in the opening and early
middlegame.} ({But we should not be too harsh:} 19. Qa1 {is not exactly an
attractive move.}) 19... Kxd7 20. Rg4 Bc6 {"No, you will not be allowed to set
up a blockade on the a4 square."} 21. Ng5 Ke8 22. Nb3 Bb5 23. Rd1 h5 24. Rf4
Rc8 {Aiming for the forking square c3.} 25. h4 Rc3 26. Na5 Rxd3 {There goes a
second pawn. How do these things happen?} 27. Rxd3 Bxd3 28. Nb7 Be7 29. Nd6+
Nxd6 {A minor inaccuracy.} (29... Bxd6 {helps things to come off in the right
order, e.g.} 30. exd6 Nxd6 {and Black is a solid three (!) pawns ahead while
the f-pawn is firmly defended.}) 30. exd6 Bxg5 31. hxg5 e5 32. Rf3 Be4 33. Ra3
{So White gets to take the a-pawn after all. But meanwhile his d-pawn cannot
be held, and Black still has the passed d-pawn. Let's take that as our new
candidate for a potential queen and see whether our second guess is better
than the first.} Kd7 34. Rxa6 d4 35. f4 {White is trying hard to break up
Black's pawns, but his hishop on c1 is vulnerable.} Rc8 36. Ba3 exf4 37. Ra7+
Kc6 38. Rxf7 Bf5 {Holding the extra material firmly.} 39. Kf2 d3 {Passed pawns
must be pushed!} 40. Rc7+ {Seeking salvation in an endgame with bishops of
opposite colors. There is a myth that all such endings are drawn, but it ain't
necessarily so.} Rxc7 41. dxc7 Kd5 {Black's king is needed in the center --
the White c-pawn cannot queen anyway.} 42. Bc1 (42. Kf3 {allows} Bg4+ 43. Kf2
d2 44. c8=Q Bxc8 45. Ke2 f3+ $1 {with a finish similar to the game.}) 42... Ke4
43. Bd2 h4 44. Bc1 Bc8 45. Ke1 Kf5 46. Kd2 f3 $1 (46... f3 {A nice
breakthrough caps Black's strategic masterpiece. White cannot hold after} 47.
gxf3 h3 {when the Black h-pawn cannot be stopped.}) 0-1

[Event "Monroe (RVO/3/6)"]
[Site "?"]
[Date "1986.??.??"]
[Round "?"]
[White "Van Meter, L.."]
[Black "Harris, T.."]
[Result "1-0"]
[WhiteElo "2350"]
[BlackElo "1975"]
[PlyCount "55"]
[EventDate "1986.??.??"]

{3/(6)} 1. d4 Nf6 2. c4 c5 3. d5 d6 4. Nc3 g6 5. e4 Bg7 6. f4 O-O 7. Nf3 e6 8.
dxe6 Bxe6 9. Bd3 Nc6 10. f5 Bd7 11. O-O Qb6 12. Qe1 Ne5 13. Nxe5 dxe5 14. Qh4
Rad8 15. Rf3 h5 16. Bg5 Bc8 17. Raf1 Rd6 18. a3 a6 19. R1f2 Bd7 20. g4 Be8 21.
gxh5 Nxh5 22. f6 Bh8 23. Nd5 Rxd5 24. exd5 Bd7 25. Re2 Qd6 26. Ref2 b5 27. Bh6
Rc8 28. Bxg6 1-0

[Event "Monroe (MI Op/2/16)"]
[Site "?"]
[Date "1986.??.??"]
[Round "?"]
[White "Turner, Darrell"]
[Black "Smith, Walt"]
[Result "0-1"]
[WhiteElo "1855"]
[BlackElo "2080"]
[PlyCount "64"]
[EventDate "1986.??.??"]

{2/(16)} 1. e4 c5 2. Nf3 Nc6 3. d4 cxd4 4. Nxd4 Nf6 5. Nc3 g6 6. Be3 Bg7 7. f3
O-O 8. Qd2 d5 9. Nxc6 bxc6 10. e5 Nd7 11. f4 f6 12. e6 Nb6 13. f5 gxf5 14. Bh6
Bxe6 15. Qe3 Bf7 16. Bxg7 Kxg7 17. Qg3+ Bg6 18. h4 Qb8 19. Qf3 Qe5+ 20. Be2 d4
21. h5 dxc3 22. hxg6 hxg6 23. bxc3 Nd5 24. Kf2 Qxc3 25. Qxc3 Nxc3 26. Bf3 Rad8
27. Bxc6 Rd2+ 28. Ke3 Rfd8 29. Bf3 e5 30. g3 e4 31. Rh3 exf3 32. Rah1 Nd1+ 0-1

[Event "Monroe (MI Op/4/24)"]
[Site "?"]
[Date "1986.??.??"]
[Round "?"]
[White "Turner, Darrell"]
[Black "Selitsky, B.."]
[Result "1/2-1/2"]
[WhiteElo "1855"]
[BlackElo "1845"]
[PlyCount "107"]
[EventDate "1986.??.??"]

{4/(24)} 1. d4 d5 2. c4 e6 3. Nf3 Nf6 4. Bg5 Be7 5. e3 O-O 6. Qc2 Nbd7 7. Nc3
h6 8. Bxf6 Nxf6 9. Be2 b6 10. cxd5 exd5 11. Ne5 Bb7 12. O-O c5 13. Rfc1 a6 14.
Bf3 Bd6 15. Nd3 Ne4 16. dxc5 bxc5 17. Nf4 Nxc3 18. bxc3 Bxf4 19. exf4 Qc7 20.
Rab1 Rab8 21. Qf5 Rfd8 22. Qe5 Qxe5 23. fxe5 Ba8 24. Rd1 a5 25. Kf1 c4 26. Rxb8
Rxb8 27. Bxd5 Bxd5 28. Rxd5 Rb1+ 29. Ke2 Rb2+ 30. Rd2 Rb5 31. f4 Kf8 32. Ke3 a4
33. Kd4 a3 34. Kxc4 Rb2 35. Rd1 Rxa2 36. Kb3 Rxg2 37. Kxa3 Rxh2 38. c4 Rh4 39.
Rd4 g5 40. c5 Rxf4 41. Rd6 Rc4 42. c6 g4 43. Kb3 Rc1 44. Kb2 Rc5 45. Rxh6 g3
46. Rh3 Rxc6 47. Rxg3 Rc5 48. Rg5 Ke7 49. Rf5 Rc7 50. Rf6 Rc8 51. Kb3 Rg8 52.
Kc4 Rg6 53. Rf4 Ke6 54. Kd4 1/2-1/2

[Event "Monroe (MI Op/7/18)"]
[Site "?"]
[Date "1986.??.??"]
[Round "?"]
[White "Turner, Darrell"]
[Black "Jarosz, Stan"]
[Result "1-0"]
[WhiteElo "1855"]
[BlackElo "2015"]
[PlyCount "105"]
[EventDate "1986.??.??"]

{7/(18)} 1. d4 d5 2. c4 e6 3. Nf3 Nf6 4. Bg5 Be7 5. Nc3 h6 6. Bxf6 Bxf6 7. e3
O-O 8. Rc1 c6 9. Bd3 Nd7 10. O-O dxc4 11. Bxc4 e5 12. Ne4 exd4 13. Nxf6+ Qxf6
14. Nxd4 Rd8 15. Qe2 Ne5 16. b4 Nxc4 17. Rxc4 a6 18. Qc2 Be6 19. Nxe6 Qxe6 20.
h3 Rd6 21. Re4 Qd7 22. Qc5 Rd8 23. Qb6 Qf5 24. Rd4 Rxd4 25. exd4 Rd7 26. Re1
Qd5 27. Re8+ Kh7 28. a4 Qxd4 29. Qc5 Qxc5 30. bxc5 Rd1+ 31. Kh2 Rd4 32. Re7
Rxa4 33. Rxb7 Ra5 34. Rb6 Rxc5 35. Rxa6 g6 36. Kg3 Kg7 37. Kf3 Rc2 38. Ke3 h5
39. h4 c5 40. Rc6 c4 41. g3 c3 42. Kf3 Rc1 43. Ke3 c2 44. Ke2 f5 45. Kf3 Kf7
46. Kf4 Ra1 47. Rxc2 Ra6 48. Kg5 Rb6 49. Rc7+ Kg8 50. Kh6 Kf8 51. Rg7 f4 52.
Rxg6 Rb2 53. Rf6+ 1-0

[Event "Warren (MCO/3/24)"]
[Site "?"]
[Date "1986.??.??"]
[Round "?"]
[White "Turner, D.."]
[Black "Wilke, J.."]
[Result "1-0"]
[WhiteElo "1855"]
[BlackElo "1630"]
[PlyCount "61"]
[EventDate "1986.??.??"]

{3/(24)} 1. e4 e5 2. Nf3 f5 3. Nc3 fxe4 4. Nxe5 Qf6 5. Ng4 Qg6 6. Ne3 c6 7. d3
d5 8. dxe4 dxe4 9. Qd4 Nf6 10. Qe5+ Be7 11. Nc4 O-O 12. Qxe7 e3 13. Nxe3 Nd5
14. Ncxd5 cxd5 15. Bd3 Re8 16. Qh4 Bf5 17. Bxf5 Qxf5 18. O-O Qf7 19. Qg5 Nc6
20. Qxd5 Qxd5 21. Nxd5 Re2 22. c3 Ne5 23. Nf4 Rc2 24. Be3 Nc4 25. Bd4 Rxb2 26.
Rfb1 Rc2 27. Rxb7 Re8 28. Rxg7+ Kf8 29. Rxh7 Rxa2 30. Ng6+ Kg8 31. Rg7# 1-0

[Event "Monroe (RVO/3/17)"]
[Site "?"]
[Date "1986.??.??"]
[Round "?"]
[White "Turner, D.."]
[Black "Schmucker, V.."]
[Result "0-1"]
[WhiteElo "1855"]
[BlackElo "1745"]
[PlyCount "90"]
[EventDate "1986.??.??"]

{3/(17)} 1. d4 Nf6 2. c4 e6 3. Nf3 b6 4. g3 Bb7 5. Bg2 Bb4+ 6. Bd2 Bxd2+ 7.
Qxd2 d5 8. Ne5 Nbd7 9. Qg5 O-O 10. Nc3 h6 11. Qd2 Qc8 12. cxd5 exd5 13. Bh3 Qd8
14. O-O Re8 15. f4 Qe7 16. Qc2 Rad8 17. Nb5 Qb4 18. Bxd7 Nxd7 19. Qd3 Ba6 20.
a4 Nxe5 21. fxe5 c6 22. Qf5 cxb5 23. Qxf7+ Kh8 24. axb5 Qxd4+ 25. Kg2 Qe4+ 26.
Kg1 Qe3+ 27. Kg2 Qxe2+ 28. Rf2 Qe4+ 29. Kg1 Bxb5 30. Rxa7 Qe1+ 31. Kg2 Qxe5 32.
Rf5 Qxb2+ 33. Rf2 Re2 34. Rxe2 Qxe2+ 35. Kh3 Qf1+ 36. Kg4 Qxf7 37. Rxf7 Be2+
38. Kf5 Kg8 39. Ra7 d4 40. Ra2 d3 41. Rd2 Rc8 42. Ra2 Rc2 43. Ra8+ Kh7 44. g4
Rc5+ 45. Ke4 d2 0-1

[Event "Warren (MCO/5/10)"]
[Site "?"]
[Date "1986.??.??"]
[Round "?"]
[White "Turner, D.."]
[Black "Mazuchowski, Tom"]
[Result "1/2-1/2"]
[WhiteElo "1855"]
[BlackElo "2125"]
[PlyCount "109"]
[EventDate "1986.??.??"]

{5/(10)} 1. e4 c5 2. Nf3 e6 3. d4 cxd4 4. Nxd4 Nf6 5. Nc3 Nc6 6. Be3 Bb4 7.
Nxc6 bxc6 8. Bd3 d5 9. exd5 exd5 10. Bd4 O-O 11. O-O Be6 12. a3 Bd6 13. f4 c5
14. Bxf6 Qxf6 15. Qh5 g6 16. Qh6 Qg7 17. Qxg7+ Kxg7 18. f5 gxf5 19. Bxf5 Rab8
20. Rae1 Rfe8 21. Rd1 Rxb2 22. Nxd5 Bxf5 23. Rxf5 Be5 24. Rg5+ Kf8 25. Rh5 Bd4+
26. Kh1 Rxc2 27. Nf4 Kg7 28. h4 f6 29. Rd5 Re4 30. Rf1 Rf2 31. Nh5+ Kh6 32.
Rxf2 Bxf2 33. g3 Bd4 34. Nf4 Re3 35. Rh5+ Kg7 36. Kg2 Rxa3 37. Ne6+ Kf7 38.
Nxd4 cxd4 39. Rxh7+ Ke6 40. Rh8 Kf5 41. h5 d3 42. Rd8 Kg5 43. Rd5+ Kh6 44. g4
a5 45. Kf2 Ra2+ 46. Ke3 Rg2 47. Kf3 Ra2 48. Rxd3 a4 49. Rd6 Kg7 50. h6+ Kxh6
51. Rxf6+ Kg5 52. Rf5+ Kg6 53. Ra5 a3 54. Ra6+ Kg5 55. Ra5+ 1/2-1/2

[Event "Monroe (RVO/2/13)"]
[Site "?"]
[Date "1986.??.??"]
[Round "?"]
[White "Turner, D.."]
[Black "Jarosz, Stan"]
[Result "0-1"]
[WhiteElo "1855"]
[BlackElo "2015"]
[PlyCount "92"]
[EventDate "1986.??.??"]

{2/(13)} 1. d4 d5 2. c4 e6 3. Nf3 Nf6 4. Bg5 Be7 5. Nc3 h6 6. Bxf6 Bxf6 7. e3
O-O 8. Rc1 c6 9. Bd3 Nd7 10. O-O dxc4 11. Bxc4 e5 12. Ne4 Qe7 13. Nxf6+ Qxf6
14. d5 cxd5 15. Qxd5 Re8 16. Qe4 Re7 17. Bd3 Nf8 18. Rc5 Ng6 19. Rfc1 Be6 20.
h4 h5 21. Ng5 Rd8 22. R1c2 Red7 23. Be2 Bf5 24. Qb4 Bxc2 25. Rxc2 Qe7 26. Qe4
Nf8 27. Bxh5 f6 28. Bf7+ Kh8 29. Qg4 g6 30. h5 fxg5 31. hxg6 Kg7 32. Qh5 Qf6
33. Rc5 Nxg6 34. Bb3 Rd2 35. Rc7+ R8d7 36. Rxd7+ Rxd7 37. Qg4 Rc7 38. Qa4 Ne7
39. Qe8 Qf8 40. Qb5 Rc1+ 41. Kh2 Qh8+ 42. Kg3 Qh4+ 43. Kf3 Qh5+ 44. Ke4 Qg6+
45. Kf3 Qc6+ 46. Qxc6 Nxc6 0-1

[Event "Warren (MCO/1/35)"]
[Site "?"]
[Date "1986.??.??"]
[Round "?"]
[White "Turner, D.."]
[Black "Bowie, J.."]
[Result "0-1"]
[WhiteElo "1855"]
[BlackElo "1605"]
[PlyCount "96"]
[EventDate "1986.??.??"]

{1/(35)} 1. d4 e6 2. c4 d5 3. Nf3 c5 4. cxd5 exd5 5. Nc3 c4 6. g3 Bb4 7. Bg2
Nf6 8. O-O O-O 9. Bg5 Bxc3 10. bxc3 h6 11. Bxf6 Qxf6 12. Rb1 b6 13. Nd2 Nc6 14.
Bxd5 Bh3 15. Bg2 Bxg2 16. Kxg2 Qe6 17. Re1 f5 18. Rb5 Nxd4 19. Rb2 Nb5 20. Nf3
Nxc3 21. Qc2 Nd5 22. Rd1 Rad8 23. Rc1 Rc8 24. Rb5 a6 25. Rbb1 b5 26. Qd2 g5 27.
Qd4 Rfd8 28. Qe5 Qxe5 29. Nxe5 Re8 30. Nd7 Rc7 31. a4 Rxd7 32. axb5 axb5 33.
Rxb5 c3 34. Rc5 Rxe2 35. Kf3 Rd2 36. h3 h5 37. g4 fxg4+ 38. hxg4 h4 39. Ke4 h3
40. Kf5 Rxf2+ 41. Kxg5 h2 42. Rc8+ Kf7 43. Kh4 Rg2 44. Rf1+ Kg7 45. Rh1 Kf6 46.
Rh8 Rc7 47. g5+ Kg7 48. Re8 c2 0-1

[Event "Warren (MCO/4/50)"]
[Site "?"]
[Date "1986.??.??"]
[Round "?"]
[White "Towsley, J.."]
[Black "Warehall, R.."]
[Result "1-0"]
[WhiteElo "1605"]
[BlackElo "1605"]
[PlyCount "43"]
[EventDate "1986.??.??"]

{4/(50)} 1. Nf3 d5 2. g3 Bf5 3. Bg2 e6 4. d3 Be7 5. Nbd2 h6 6. O-O Nf6 7. Re1
Nbd7 8. e4 Bh7 9. e5 Ng8 10. d4 c5 11. c4 cxd4 12. cxd5 d3 13. d6 Bg5 14. Ne4
Bxc1 15. Rxc1 Rc8 16. Qxd3 g5 17. Qd4 b6 18. Bf1 Rxc1 19. Rxc1 Bxe4 20. Qxe4 h5
21. Rc7 Rh6 22. Qc6 1-0

[Event "Warren (MCO/2/35)"]
[Site "?"]
[Date "1986.??.??"]
[Round "?"]
[White "Towsley, J.."]
[Black "Fink, W.."]
[Result "0-1"]
[WhiteElo "1605"]
[BlackElo "1695"]
[PlyCount "84"]
[EventDate "1986.??.??"]

{2/(35)} 1. Nf3 Nf6 2. g3 g6 3. Bg2 Bg7 4. d3 O-O 5. O-O d5 6. Nbd2 c5 7. Re1
Nc6 8. e4 e5 9. exd5 Nxd5 10. Ne4 b6 11. Bg5 f6 12. Bd2 Bg4 13. h3 Be6 14. a4
Qd7 15. Kh2 Ndb4 16. a5 Nxa5 17. Nxc5 bxc5 18. Rxa5 Qc7 19. Ra3 Rad8 20. d4 Bf5
21. Bxb4 cxb4 22. Ra5 exd4 23. Qa1 Rd7 24. Nxd4 Rxd4 25. Rxa7 Qc8 26. Ree7 Rd7
27. Qa2+ Kh8 28. Ra8 Qxa8 29. Bxa8 Rxe7 30. Qa4 Re2 31. Kg2 Bxc2 32. Qa6 Ree8
33. Bd5 f5 34. b3 Be4+ 35. Bxe4 Rxe4 36. Qb5 Rfe8 37. h4 h5 38. f3 Re2+ 39. Kh3
Bc3 40. Qc6 Kh7 41. g4 fxg4+ 42. fxg4 R8e3+ 0-1

[Event "Warren (MCO/6/45)"]
[Site "?"]
[Date "1986.??.??"]
[Round "?"]
[White "Towsley, J.."]
[Black "Baptist, A.."]
[Result "1-0"]
[WhiteElo "1605"]
[BlackElo "1605"]
[PlyCount "65"]
[EventDate "1986.??.??"]

{6/(45)} 1. Nf3 d5 2. g3 Nc6 3. Bg2 Nf6 4. d3 e5 5. O-O Bd6 6. Nbd2 h6 7. e4
Be6 8. exd5 Bxd5 9. Qe2 O-O 10. Ne4 Nxe4 11. dxe4 Be6 12. Rd1 Qe7 13. Qb5 Rab8
14. Be3 a6 15. Qe2 Bg4 16. c3 b5 17. Rd2 Ra8 18. Qf1 Na5 19. b3 Nb7 20. Nh4 g5
21. Nf5 Bxf5 22. exf5 e4 23. Qd1 Rad8 24. Qh5 Qf6 25. Bxe4 Nc5 26. Bc2 Nd7 27.
Rad1 Kg7 28. Rd4 Ne5 29. f4 Nc6 30. fxg5 hxg5 31. Bxg5 Qe5 32. f6+ Kg8 33. Qh7#
1-0

[Event "Monroe (MI Op/2/10)"]
[Site "?"]
[Date "1986.??.??"]
[Round "?"]
[White "Thurman, John"]
[Black "Thompson, Dexter"]
[Result "0-1"]
[WhiteElo "1845"]
[BlackElo "2095"]
[PlyCount "38"]
[EventDate "1986.??.??"]

{2/(10)} 1. c4 Nf6 2. Nf3 e6 3. g3 c5 4. Bg2 Nc6 5. d4 cxd4 6. Nxd4 Qa5+ 7. Bd2
Qc5 8. Nb5 Ne5 9. b3 d5 10. Be3 Qc6 11. Nxa7 Bb4+ 12. Kf1 Rxa7 13. Bxa7 b6 14.
Bxb6 Qxb6 15. cxd5 Nfg4 16. e3 Ba6+ 17. Kg1 Nxf2 18. Kxf2 Nd3+ 19. Kf3 exd5 0-1

[Event "Monroe (MI Op/5/25)"]
[Site "?"]
[Date "1986.??.??"]
[Round "?"]
[White "Thurman, John"]
[Black "Lynch, W.."]
[Result "0-1"]
[WhiteElo "1845"]
[BlackElo "1610"]
[PlyCount "64"]
[EventDate "1986.??.??"]

{5/(25)} 1. c4 Nf6 2. Nf3 e6 3. e3 d5 4. b3 Nbd7 5. Bb2 c6 6. g3 Bd6 7. Bg2 e5
8. d3 dxc4 9. bxc4 O-O 10. O-O Re8 11. Nbd2 Nc5 12. d4 Nd3 13. Bc3 exd4 14.
Nxd4 Ne5 15. h3 Be6 16. Qb3 Qc7 17. Rab1 Rab8 18. a4 Nd3 19. Nxe6 Rxe6 20. Bxf6
Nc5 21. Qc2 Rxf6 22. a5 Be5 23. f4 Bd6 24. e4 Re6 25. e5 Be7 26. Ne4 Nxe4 27.
Bxe4 g6 28. Qc3 f6 29. exf6 Bxf6 30. Qc2 Rbe8 31. Bd3 Bd4+ 32. Kh2 Re3 0-1

[Event "Monroe (MI Op/1a/5)"]
[Site "?"]
[Date "1986.??.??"]
[Round "?"]
[White "Thurman, John"]
[Black "Kitts, Gary"]
[Result "1-0"]
[WhiteElo "1845"]
[BlackElo "2145"]
[PlyCount "97"]
[EventDate "1986.??.??"]

1. c4 Nf6 2. Nc3 g6 3. Nf3 d5 4. cxd5 Nxd5 5. g3 Bg7 6. Bg2 Nxc3 7. bxc3 c5 8.
Rb1 O-O 9. O-O Qc7 10. c4 Nc6 11. d3 e5 12. Ne1 b6 13. f4 Bb7 14. Bd5 Nb4 15.
Bxb7 Qxb7 16. a3 Nc6 17. Ng2 Rad8 18. fxe5 Nxe5 19. Ne3 Rfe8 20. Nd5 Rxd5 21.
cxd5 Qxd5 22. Qa4 Qd4+ 23. Qxd4 cxd4 24. h3 Rc8 25. Bf4 Rc2 26. Rbc1 Rxe2 27.
Rc8+ Bf8 28. Bh6 Nd7 29. Rd8 Re6 30. Rc1 g5 31. Bxf8 Nxf8 32. Rcc8 Re3 33.
Rxf8+ Kg7 34. Rg8+ Kf6 35. Kf2 Rxd3 36. a4 Ra3 37. Rc4 d3 38. Rd8 Ke6 39. h4 h6
40. hxg5 hxg5 41. g4 f5 42. gxf5+ Kxf5 43. Rd5+ Kg6 44. Rg4 Kf6 45. Rdxg5 Ra2+
46. Ke3 d2 47. Rd5 a6 48. Rxd2 Ra3+ 49. Rd3 1-0

[Event "Kalamazoo (WMUSO/3/3)"]
[Site "?"]
[Date "1986.??.??"]
[Round "?"]
[White "Thompson, Dexter"]
[Black "Smith, Walt"]
[Result "1-0"]
[WhiteElo "2195"]
[BlackElo "2005"]
[PlyCount "59"]
[EventDate "1986.??.??"]

{3/(3)} 1. e4 c5 2. c3 Nf6 3. e5 Nd5 4. d4 cxd4 5. cxd4 Nc6 6. Nf3 d6 7. Nc3
Nxc3 8. bxc3 dxe5 9. d5 Nb8 10. Nxe5 Qc7 11. Qd4 Nd7 12. Bb5 a6 13. Bf4 axb5
14. Nxf7 Ra4 15. Bxc7 Rxd4 16. cxd4 Kxf7 17. Rc1 Nf6 18. Be5 e6 19. d6 Bd7 20.
Rc7 Ke8 21. Rxb7 Ne4 22. Ra7 Rg8 23. O-O Nxd6 24. Rc1 Nc4 25. a4 Bd6 26. Bxd6
Nxd6 27. Rcc7 Nc8 28. Rab7 Nd6 29. Rb8+ Nc8 30. Rcxc8+ 1-0

[Event "Monroe (MI Op/1a/12)"]
[Site "?"]
[Date "1986.??.??"]
[Round "?"]
[White "Thompson, Dexter"]
[Black "Raftshol, W.."]
[Result "1-0"]
[WhiteElo "2095"]
[BlackElo "1710"]
[PlyCount "107"]
[EventDate "1986.??.??"]

1. e4 e6 2. d4 d5 3. e5 c5 4. c3 Nc6 5. Nf3 Qa5 6. a3 c4 7. Nbd2 Nge7 8. Bxc4
dxc4 9. Nxc4 Qa6 10. Nd6+ Kd7 11. Nxf7 Rg8 12. N3g5 Kc7 13. Bf4 Nd5 14. Bg3 Bd7
15. Ne4 Be7 16. Nfd6 Bxd6 17. exd6+ Kc8 18. Nc5 Qc4 19. Qf3 Nd8 20. b3 Qxc3+
21. Qxc3 Nxc3 22. Rc1 Nd5 23. O-O Nc6 24. Rfe1 Re8 25. b4 b5 26. Re2 Nb6 27.
Na6 Nd5 28. Rec2 Kd8 29. Nc5 Bc8 30. Bh4+ Nf6 31. Ne4 Nxd4 32. Nxf6 Nxc2 33.
Ne4+ Kd7 34. Rxc2 Rg8 35. Rc7+ Ke8 36. Re7+ Kf8 37. d7 Bxd7 38. Rxd7 h6 39. Nd6
Rh8 40. Nf7 Rg8 41. Nd6 Rh8 42. Be7+ Kg8 43. Nxb5 a6 44. Nc7 Rc8 45. Bc5 Kh7
46. h4 e5 47. h5 Rhd8 48. Re7 Rd1+ 49. Kh2 Rd3 50. Ne6 Rxa3 51. Nxg7 Rf8 52.
Ne6+ Kg8 53. Rg7+ Kh8 54. Bxf8 1-0